[Event "27. Torneo San Viator 2016"]
[Site "Madrid ESP"]
[Date "2016.10.23"]
[Round "6.7"]
[White "Angelina Vela, Carlos"]
[Black "Martinez Sanz, Ignacio"]
[Result "0-1"]
[WhiteElo "2085"]
[BlackElo "1705"]
[PlyCount "146"]
[EventDate "2016.09.25"]
[EventType "swiss"]
[EventRounds "9"]
[EventCountry "ESP"]
[Source "lmi"]
[SourceDate "2016.09.25"]

1. d4 Nf6 2. c4 g6 3. Nf3 Bg7 4. Nc3 d5 5. e3 O-O 6. cxd5 Nxd5 7. Qb3 Nb6 8.
Bd2 Be6 9. Qd1 N8d7 10. Ng5 Bc4 11. Bxc4 Nxc4 12. Qe2 Ndb6 13. O-O-O e5 14. Nf3
exd4 15. Nxd4 Qe7 16. Nf3 Nxb2 17. Kxb2 Qb4+ 18. Kc2 Nc4 19. Rc1 Rad8 20. Nd4
Bxd4 21. exd4 Rxd4 22. Rb1 Na3+ 23. Kc1 Nxb1 24. Nxb1 Rc4+ 25. Bc3 Rxc3+ 26.
Nxc3 Qxc3+ 27. Kb1 Rd8 28. Rc1 Qd3+ 29. Qxd3 Rxd3 30. Kc2 Rd7 31. Rb1 c6 32.
Rb4 Kf8 33. Rh4 f5 34. Kc3 Ke8 35. Rf4 Ke7 36. h4 Ke6 37. Rf3 Kd6 38. h5 Kc5
39. Rg3 Rd6 40. Re3 b5 41. Re7 a5 42. h6 b4+ 43. Kc2 Kc4 44. Rxh7 a4 45. Rb7 g5
46. h7 Rh6 47. Rd7 c5 48. Kb2 g4 49. Kc2 g3 50. fxg3 Rh2 51. Kd1 b3 52. axb3+
axb3 53. Rc7 Kd3 54. Kc1 c4 55. Kb2 Rxg2+ 56. Ka3 Rh2 57. Re7 b2 58. h8=Q b1=N+
59. Kb4 Rxh8 60. Rd7+ Ke3 61. Kxc4 Kf3 62. Rd3+ Kg4 63. Rd5 Rh3 64. Rd1 Na3+
65. Kd4 Rxg3 66. Ke5 Re3+ 67. Kf6 f4 68. Rd4 Kg3 69. Kg5 f3 70. Rg4+ Kf2 71.
Kf4 Ke2 72. Rg3 Nc4 73. Rh3 f2 0-1

[Event "27. Torneo San Viator 2016"]
[Site "Madrid ESP"]
[Date "2016.10.23"]
[Round "6.9"]
[White "Zhou, Lulu"]
[Black "Garcia Sanjuan, Jose"]
[Result "1-0"]
[WhiteElo "1746"]
[BlackElo "1880"]
[PlyCount "89"]
[EventDate "2016.09.25"]
[EventType "swiss"]
[EventRounds "9"]
[EventCountry "ESP"]
[Source "lmi"]
[SourceDate "2016.09.25"]

1. e4 b6 2. d4 Bb7 3. Nc3 e6 4. Be3 Bb4 5. f3 d5 6. e5 Ne7 7. a3 Bxc3+ 8. bxc3
Nf5 9. Bf2 Nc6 10. Bd3 Qg5 11. g3 Na5 12. f4 Qe7 13. Qg4 h5 14. Qh3 O-O-O 15.
Nf3 g6 16. O-O Nh6 17. Rfb1 Ng4 18. Qf1 Nxf2 19. Kxf2 h4 20. g4 c5 21. Ba6 c4
22. Bxb7+ Nxb7 23. h3 f6 24. Kg2 Rhf8 25. Qf2 g5 26. exf6 Qxf6 27. Nxg5 Qg6 28.
Qd2 Nd6 29. Re1 Rf6 30. Re2 Rdf8 31. Rf1 Kd7 32. Qe3 Re8 33. a4 Kc6 34. Qc1 Qg7
35. Qe1 Qh6 36. a5 b5 37. Qa1 a6 38. Qc1 Qg7 39. Rfe1 Kd7 40. Qa3 Nb7 41. Re5
Qg6 42. f5 Rxf5 43. gxf5 Qxg5+ 44. Kh1 Rg8 45. fxe6+ 1-0

[Event "27. Torneo San Viator 2016"]
[Site "Madrid ESP"]
[Date "2016.10.23"]
[Round "6.10"]
[White "Rosa Ramirez, Victor D"]
[Black "Quintero Torres, Pedro"]
[Result "1/2-1/2"]
[WhiteElo "1903"]
[BlackElo "1958"]
[PlyCount "103"]
[EventDate "2016.09.25"]
[EventType "swiss"]
[EventRounds "9"]
[EventCountry "ESP"]
[Source "lmi"]
[SourceDate "2016.09.25"]

1. e4 c5 2. Nf3 a6 3. d4 cxd4 4. Nxd4 e6 5. Nc3 Nc6 6. Nxc6 bxc6 7. Bd3 d5 8.
O-O Nf6 9. Re1 Be7 10. e5 Nd7 11. Qg4 g6 12. Bh6 Bf8 13. Qh3 Qe7 14. b3 Bxh6
15. Qxh6 Qf8 16. Qf4 a5 17. Na4 h5 18. c4 Qh6 19. Qxh6 Rxh6 20. cxd5 cxd5 21.
Bb5 Rb8 22. Bc6 Ke7 23. Rac1 Rh8 24. Rc2 Rd8 25. f4 Nb6 26. Nxb6 Rxb6 27. Ba4
Bd7 28. Rc7 Ke8 29. Rxd7 Rxd7 30. Rc1 Kd8 31. Bxd7 Kxd7 32. Rc2 Rb4 33. g3 a4
34. bxa4 Rxa4 35. Kf2 h4 36. Kf3 hxg3 37. hxg3 Ke7 38. Kg4 Kf8 39. Kg5 Kg7 40.
g4 Ra3 41. Rd2 Ra5 42. f5 gxf5 43. gxf5 exf5 44. Kxf5 Ra3 45. Rg2+ Kf8 46. e6
fxe6+ 47. Kxe6 d4 48. Kd5 d3 49. Kd4 Ke7 50. Kc4 Ke6 51. Rd2 Ke5 52. Rxd3
1/2-1/2

[Event "27. Torneo San Viator 2016"]
[Site "Madrid ESP"]
[Date "2016.10.23"]
[Round "6.11"]
[White "Luque Ibanez, Manuel"]
[Black "Barahona Torrijos, Angel"]
[Result "1/2-1/2"]
[WhiteElo "1989"]
[BlackElo "1848"]
[PlyCount "115"]
[EventDate "2016.09.25"]
[EventType "swiss"]
[EventRounds "9"]
[EventCountry "ESP"]
[Source "lmi"]
[SourceDate "2016.09.25"]

1. e4 e5 2. Nf3 Nc6 3. Bb5 a6 4. Ba4 Nf6 5. O-O Be7 6. Re1 b5 7. Bb3 Bb7 8. c3
d5 9. exd5 Nxd5 10. Nxe5 Nxe5 11. Rxe5 O-O 12. d4 Bf6 13. Re1 Qd6 14. Nd2 Rae8
15. Nf3 Nf4 16. Bxf4 Qxf4 17. Qd2 Qg4 18. h3 Qh5 19. Qf4 Bxf3 20. Qxf3 Qxf3 21.
gxf3 Bg5 22. Re4 Rxe4 23. fxe4 Re8 24. Re1 c6 25. Re2 Bf4 26. Kg2 g5 27. Kf3
Kg7 28. a4 bxa4 29. Bxa4 Re6 30. b4 Rf6 31. Kg2 h5 32. f3 Re6 33. Bb3 Re7 34.
Ra2 f5 35. e5 g4 36. fxg4 hxg4 37. hxg4 fxg4 38. Rxa6 Rc7 39. Ra5 Bd2 40. Rc5
Ra7 41. Rxc6 Ra3 42. Rc7+ Kf8 43. Be6 Bxc3 44. Rc4 g3 45. Kxg3 Bxd4+ 46. Kf4
Bb6 47. Rc6 Bd8 48. Bd5 Ra1 49. Rc4 Rf1+ 50. Ke4 Re1+ 51. Kf5 Ke7 52. Rg4 Rf1+
53. Rf4 Re1 54. b5 Bc7 55. Re4 Rf1+ 56. Kg4 Rg1+ 57. Kf5 Rf1+ 58. Kg4 1/2-1/2

[Event "27. Torneo San Viator 2016"]
[Site "Madrid ESP"]
[Date "2016.10.23"]
[Round "6.12"]
[White "Campos Tores, Jose Luis"]
[Black "Del Noval Nemeshazi, Nesztor"]
[Result "1-0"]
[WhiteElo "1829"]
[BlackElo "1932"]
[PlyCount "45"]
[EventDate "2016.09.25"]
[EventType "swiss"]
[EventRounds "9"]
[EventCountry "ESP"]
[Source "lmi"]
[SourceDate "2016.09.25"]

1. e4 c5 2. d4 cxd4 3. c3 Nf6 4. e5 Nd5 5. Nf3 d6 6. cxd4 Nc6 7. Bc4 e6 8. O-O
Be7 9. exd6 Qxd6 10. Nc3 Nxc3 11. bxc3 O-O 12. Re1 Rd8 13. Bd2 Bd7 14. Bd3 Be8
15. Qe2 Rac8 16. Rab1 Qc7 17. h3 a6 18. a4 Nb8 19. Qe4 g6 20. Rxb7 Qd6 21. d5
Qxd5 22. Rxe7 Qxd3 23. Rxe8+ 1-0

[Event "27. Torneo San Viator 2016"]
[Site "Madrid ESP"]
[Date "2016.10.23"]
[Round "6.13"]
[White "Munoz Cebey, Ricardo"]
[Black "Padin Lazaro, Jose Manuel"]
[Result "1-0"]
[WhiteElo "1758"]
[BlackElo "1913"]
[PlyCount "129"]
[EventDate "2016.09.25"]
[EventType "swiss"]
[EventRounds "9"]
[EventCountry "ESP"]
[Source "lmi"]
[SourceDate "2016.09.25"]

1. c4 c5 2. Nf3 Nc6 3. Nc3 e6 4. g3 g6 5. Bg2 Bg7 6. O-O Nge7 7. d3 O-O 8. Bg5
h6 9. Bd2 b6 10. Qc1 Kh7 11. Nb5 d6 12. Bc3 e5 13. a4 a6 14. Na3 Bb7 15. Nc2
Qd7 16. e4 Nd4 17. Ncxd4 exd4 18. Bd2 f5 19. Ne1 fxe4 20. dxe4 Qe6 21. Qc2 Kh8
22. f3 Rae8 23. Qb3 Bc6 24. Qc2 b5 25. cxb5 axb5 26. Qc1 Kh7 27. a5 b4 28. Rf2
Bb5 29. Bf1 Qd7 30. Bc4 Ra8 31. Nd3 Rfc8 32. Nf4 Bxc4 33. Qxc4 g5 34. Nh5 d5
35. exd5 Qxd5 36. Qxd5 Nxd5 37. Nxg7 Kxg7 38. Re2 Re8 39. Kf2 Kf6 40. h3 Re6
41. Rxe6+ Kxe6 42. f4 gxf4 43. gxf4 Kf5 44. Kf3 Re8 45. a6 c4 46. a7 Ra8 47.
Ra5 c3 48. Rxd5+ Ke6 49. Re5+ Kd6 50. bxc3 dxc3 51. Bxc3 bxc3 52. Re3 c2 53.
Rc3 Rxa7 54. Rxc2 h5 55. Re2 Ra3+ 56. Re3 Rxe3+ 57. Kxe3 Kd5 58. h4 Kd6 59. Kd4
Ke6 60. Ke4 Kf6 61. f5 Kf7 62. Ke5 Ke7 63. f6+ Kf7 64. Kf5 Kf8 65. Kg6 1-0

[Event "27. Torneo San Viator 2016"]
[Site "Madrid ESP"]
[Date "2016.10.23"]
[Round "6.14"]
[White "Perez Perez, Diego Ii"]
[Black "Garcia Martin, Esteban"]
[Result "1-0"]
[WhiteElo "1750"]
[BlackElo "1881"]
[PlyCount "83"]
[EventDate "2016.09.25"]
[EventType "swiss"]
[EventRounds "9"]
[EventCountry "ESP"]
[Source "lmi"]
[SourceDate "2016.09.25"]

1. e4 c5 2. Nc3 Nc6 3. Bb5 g6 4. Bxc6 dxc6 5. f4 Bg7 6. Nf3 Nf6 7. O-O O-O 8.
d3 Qc7 9. Qe1 Bg4 10. Qh4 Bxf3 11. Rxf3 e6 12. e5 Nd5 13. Ne4 Qe7 14. Qxe7 Nxe7
15. Nxc5 b6 16. Ne4 Nf5 17. c3 c5 18. g4 Ne7 19. Be3 f5 20. exf6 Bxf6 21. d4 c4
22. Nxf6+ Rxf6 23. Kg2 Nd5 24. Bd2 Raf8 25. Raf1 R8f7 26. Kg3 Kf8 27. h3 b5 28.
Re1 g5 29. Ref1 gxf4+ 30. Bxf4 Kg8 31. Bh6 Rxf3+ 32. Rxf3 Rxf3+ 33. Kxf3 Kf7
34. Ke4 b4 35. Bd2 bxc3 36. Bxc3 Ke7 37. g5 Kf7 38. Bd2 Ke7 39. Ke5 Kd7 40. h4
Ne7 41. h5 Nf5 42. d5 1-0

[Event "27. Torneo San Viator 2016"]
[Site "Madrid ESP"]
[Date "2016.10.23"]
[Round "6.15"]
[White "Guillo Longares, Cecilia"]
[Black "Perez Vazquez, Manuel"]
[Result "0-1"]
[WhiteElo "1705"]
[BlackElo "1861"]
[PlyCount "106"]
[EventDate "2016.09.25"]
[EventType "swiss"]
[EventRounds "9"]
[EventCountry "ESP"]
[Source "lmi"]
[SourceDate "2016.09.25"]

1. d4 f5 2. g3 Nf6 3. Bg2 g6 4. Nf3 Bg7 5. O-O O-O 6. c4 d6 7. Nc3 c6 8. Re1
Qe8 9. e4 fxe4 10. Nxe4 Nxe4 11. Rxe4 Qf7 12. Qe2 Bf6 13. Ng5 Qg7 14. Ne6 Bxe6
15. Rxe6 Na6 16. d5 c5 17. Bf4 Rf7 18. Re1 Nc7 19. Re4 Rb8 20. Qg4 Bxb2 21. Qh4
Bf6 22. Bg5 Bxg5 23. Qxg5 Qf6 24. Qe3 Kf8 25. Rf4 Qg7 26. Qxe7+ Kg8 27. Qxd6
Rxf4 28. Qxf4 Rf8 29. Qe3 b6 30. d6 Ne8 31. Qe7 Qxe7 32. dxe7 Rf6 33. Bd5+ Kg7
34. g4 g5 35. Re5 h6 36. h4 gxh4 37. g5 hxg5 38. Rxg5+ Rg6 39. Rxg6+ Kxg6 40.
Bc6 Kf7 41. Bxe8+ Kxe8 42. Kg2 b5 43. cxb5 c4 44. a4 c3 45. a5 c2 46. b6 c1=Q
47. bxa7 Qc6+ 48. Kh3 Kxe7 49. Kxh4 Kf6 50. Kg4 Qe4+ 51. f4 Qg2+ 52. Kh4 Kf5
53. Kh5 Qh3# 0-1

[Event "27. Torneo San Viator 2016"]
[Site "Madrid ESP"]
[Date "2016.10.23"]
[Round "6.16"]
[White "Luna Hermoso, Angel"]
[Black "Sanchez Gomez, Emiliano"]
[Result "1-0"]
[WhiteElo "1976"]
[BlackElo "1745"]
[PlyCount "49"]
[EventDate "2016.09.25"]
[EventType "swiss"]
[EventRounds "9"]
[EventCountry "ESP"]
[Source "lmi"]
[SourceDate "2016.09.25"]

1. e4 c5 2. a3 e6 3. b4 cxb4 4. axb4 Bxb4 5. Nf3 Nf6 6. e5 Nd5 7. c3 Be7 8. d4
O-O 9. Bd3 f5 10. exf6 Bxf6 11. Qc2 g6 12. h4 Qe7 13. Na3 Qg7 14. h5 g5 15. h6
Qe7 16. Rh5 Nf4 17. Bxf4 gxf4 18. Nb5 Na6 19. Qd2 Qf7 20. Rh3 Be7 21. Ra5 d6
22. Nxd6 Qf6 23. Rg5+ Qxg5 24. Nxg5 Bxg5 25. Rg3 1-0

[Event "27. Torneo San Viator 2016"]
[Site "Madrid ESP"]
[Date "2016.10.23"]
[Round "6.17"]
[White "Rodriguez Valero, Martin"]
[Black "Gonzalez-Ruano Perez, Cesar"]
[Result "0-1"]
[WhiteElo "1808"]
[BlackElo "1937"]
[PlyCount "98"]
[EventDate "2016.09.25"]
[EventType "swiss"]
[EventRounds "9"]
[EventCountry "ESP"]
[Source "lmi"]
[SourceDate "2016.09.25"]

1. e4 c5 2. Nf3 g6 3. d4 Bg7 4. c3 Nc6 5. Be3 cxd4 6. cxd4 d6 7. h3 Nf6 8. Nc3
O-O 9. Be2 a6 10. O-O b5 11. a3 Bb7 12. d5 Na5 13. Rc1 Rc8 14. Nd4 Nc4 15. Bxc4
Rxc4 16. Qd3 Nd7 17. f4 Nc5 18. Qd1 Rxc3 19. bxc3 Nxe4 20. Qd3 Nc5 21. Qd1 Bxd5
22. f5 Bc4 23. Rf3 e5 24. fxe6 fxe6 25. Rxf8+ Qxf8 26. Qg4 e5 27. Nf3 Qf5 28.
Qxf5 gxf5 29. Bxc5 dxc5 30. Rd1 e4 31. Rd8+ Kf7 32. Rd7+ Kf8 33. Nd2 Be6 34.
Rd6 Ke7 35. Rxa6 Bxc3 36. Nb1 Bd4+ 37. Kf1 Kf6 38. Nd2 Ke5 39. Ke2 c4 40. Ra5
c3 41. Rxb5+ Kf4 42. g3+ Kxg3 43. Nf1+ Kxh3 44. Rb4 c2 45. Kd2 Bc3+ 46. Kxc2
Bxb4 47. axb4 f4 48. Kd1 e3 49. Ke1 Bc4 0-1

[Event "27. Torneo San Viator 2016"]
[Site "Madrid ESP"]
[Date "2016.10.23"]
[Round "6.18"]
[White "Yeves Miquel, Enrique"]
[Black "Braziunaite, Rasa"]
[Result "1-0"]
[WhiteElo "1827"]
[BlackElo "1384"]
[PlyCount "101"]
[EventDate "2016.09.25"]
[EventType "swiss"]
[EventRounds "9"]
[EventCountry "ESP"]
[Source "lmi"]
[SourceDate "2016.09.25"]

1. d4 Nf6 2. c4 Nc6 3. Nc3 e5 4. d5 Ne7 5. e4 d6 6. h3 g6 7. Nf3 Bg7 8. Be3 O-O
9. c5 Nd7 10. cxd6 cxd6 11. Bd3 f5 12. Ng5 Nf6 13. f3 f4 14. Bf2 h6 15. Ne6
Bxe6 16. dxe6 a6 17. Qb3 Rb8 18. Bb6 Qe8 19. Bc7 Rc8 20. Bxd6 Qd8 21. Qa3 Re8
22. Rd1 Nc6 23. Bc4 Qb6 24. Na4 Qe3+ 25. Qxe3 fxe3 26. Nb6 Na5 27. Nxc8 Rxc8
28. Bd3 Ne8 29. Ba3 Bf6 30. Ke2 Bg5 31. Rc1 Nc6 32. Bc5 Ng7 33. Bxe3 Bxe3 34.
Kxe3 Nxe6 35. g3 Kg7 36. f4 Rf8 37. Rhf1 Rd8 38. Bxa6 exf4+ 39. gxf4 Nb4 40.
Bc4 Nc5 41. Rfd1 Re8 42. e5 g5 43. a3 Nc6 44. b4 gxf4+ 45. Kxf4 Rf8+ 46. Ke3
Na4 47. Rd7+ Kg6 48. Bd3+ Kg5 49. h4+ Kh5 50. Rg7 Nxe5 51. Be2+ 1-0

[Event "27. Torneo San Viator 2016"]
[Site "Madrid ESP"]
[Date "2016.10.23"]
[Round "6.19"]
[White "Soderstrom, Henrik"]
[Black "Blanco Diez, David"]
[Result "0-1"]
[WhiteElo "1802"]
[BlackElo "1845"]
[PlyCount "62"]
[EventDate "2016.09.25"]
[EventType "swiss"]
[EventRounds "9"]
[EventCountry "ESP"]
[Source "lmi"]
[SourceDate "2016.09.25"]

1. e4 e5 2. Nf3 Nc6 3. c3 d5 4. Qa4 f6 5. exd5 Qxd5 6. Bc4 Qe4+ 7. Kd1 Qg4 8.
Rg1 Bd7 9. h3 Qg6 10. Qc2 Bf5 11. Qb3 O-O-O 12. Bxg8 Rxg8 13. g4 Bxb1 14. Rxb1
Bc5 15. Qc2 Qxc2+ 16. Kxc2 e4 17. Ne1 Bxf2 18. Rf1 Bxe1 19. Rxe1 Rge8 20. b3 g6
21. Re3 f5 22. d3 exd3+ 23. Rxd3 Re2+ 24. Bd2 fxg4 25. hxg4 Ne5 26. Rxd8+ Kxd8
27. Rf1 Nxg4 28. Kd3 Rf2 29. Rg1 h5 30. a4 Ne5+ 31. Ke3 Rxd2 0-1

[Event "27. Torneo San Viator 2016"]
[Site "Madrid ESP"]
[Date "2016.10.23"]
[Round "6.20"]
[White "Comeron Galan, Daniel"]
[Black "Camarero Izquierdo, Juan Carlo"]
[Result "0-1"]
[WhiteElo "1493"]
[BlackElo "1816"]
[PlyCount "76"]
[EventDate "2016.09.25"]
[EventType "swiss"]
[EventRounds "9"]
[EventCountry "ESP"]
[Source "lmi"]
[SourceDate "2016.09.25"]

1. d4 f5 2. Bf4 Nf6 3. e3 e6 4. Nf3 Ne4 5. c4 Bb4+ 6. Nbd2 b6 7. a3 Bxd2+ 8.
Nxd2 Bb7 9. Nxe4 fxe4 10. Qh5+ g6 11. Qe5 O-O 12. Qxc7 Qxc7 13. Bxc7 Nc6 14.
Be2 Rac8 15. Bd6 Rf5 16. O-O Na5 17. Rac1 Ba6 18. Rc3 Rc6 19. Bf4 Bxc4 20. Bxc4
Rxc4 21. Rxc4 Nxc4 22. Rc1 Nxb2 23. Rc7 Ra5 24. Bd6 b5 25. Bb4 Ra4 26. Rxd7 a5
27. Bc3 Nc4 28. Kf1 Rxa3 29. Be1 b4 30. Rc7 Nb2 31. Ra7 Nd3 32. Bd2 Ra1+ 33.
Ke2 b3 34. Bc3 Ra2+ 35. Kd1 a4 36. Ra6 Nxf2+ 37. Kc1 Rc2+ 38. Kb1 Rxc3 0-1

[Event "27. Torneo San Viator 2016"]
[Site "Madrid ESP"]
[Date "2016.10.23"]
[Round "6.21"]
[White "Escribano Serrano, Pedro"]
[Black "Gil Calvente, Jose Antonio"]
[Result "1-0"]
[WhiteElo "1787"]
[BlackElo "1721"]
[PlyCount "99"]
[EventDate "2016.09.25"]
[EventType "swiss"]
[EventRounds "9"]
[EventCountry "ESP"]
[Source "lmi"]
[SourceDate "2016.09.25"]

1. c4 Nf6 2. Nc3 e6 3. g3 c5 4. Bg2 Nc6 5. e3 d5 6. cxd5 exd5 7. d4 Be6 8. Nf3
Be7 9. O-O O-O 10. a3 a5 11. b3 Rc8 12. Bb2 cxd4 13. exd4 Bg4 14. h3 Bh5 15.
Ne2 Re8 16. Nf4 Bg6 17. Nxg6 hxg6 18. Ne5 Bd6 19. Re1 Qb6 20. Rc1 Bb8 21. Re3
Ba7 22. Rec3 Qxd4 23. Nxc6 Qxf2+ 24. Kh2 Re2 25. Qf1 Rxc6 26. Rxc6 bxc6 27.
Bxf6 gxf6 28. Qxf2 Rxf2 29. Rxc6 Be3 30. Ra6 d4 31. Rxa5 d3 32. Rd5 d2 33. Kh1
Kg7 34. a4 f5 35. h4 Kf6 36. b4 Ke6 37. Rd3 f4 38. gxf4 Bxf4 39. Bd5+ Ke5 40.
Bb3 Rh2+ 41. Kg1 Rxh4 42. a5 Ke4 43. Bc2 Ke5 44. a6 Rh8 45. b5 Ra8 46. Ra3 Kd5
47. b6 Be3+ 48. Rxe3 Rxa6 49. Rd3+ Kc5 50. b7 1-0

[Event "27. Torneo San Viator 2016"]
[Site "Madrid ESP"]
[Date "2016.10.23"]
[Round "6.22"]
[White "Perez Gonzalez, Daniel"]
[Black "Campos Diaz, Fernando"]
[Result "1-0"]
[WhiteElo "1786"]
[BlackElo "1663"]
[PlyCount "114"]
[EventDate "2016.09.25"]
[EventType "swiss"]
[EventRounds "9"]
[EventCountry "ESP"]
[Source "lmi"]
[SourceDate "2016.09.25"]

1. e4 c5 2. Nf3 d6 3. d4 cxd4 4. Nxd4 Nf6 5. Nc3 g6 6. Be3 Bg7 7. Bc4 O-O 8.
Bb3 Nc6 9. f3 Bd7 10. Qd2 Rc8 11. O-O-O Ne5 12. Kb1 Nc4 13. Bxc4 Rxc4 14. g4
Qc7 15. h4 h5 16. gxh5 Nxh5 17. Nd5 Qd8 18. Ne2 b6 19. Nef4 Nf6 20. h5 Nxd5 21.
Nxd5 e6 22. Nf4 g5 23. Ne2 Qf6 24. Bd4 e5 25. Be3 Qxf3 26. h6 Qxe4 27. hxg7
Rfc8 28. Nc3 Qg6 29. Rh8+ Kxg7 30. Rxc8 Bxc8 31. Qxd6 Qxd6 32. Rxd6 g4 33. Kc1
g3 34. Ne2 g2 35. Ng1 Be6 36. Kd2 Kg6 37. c3 Kf5 38. Rd8 Rg4 39. Ra8 Ra4 40. a3
Ke4 41. Bxb6 f5 42. Rxa7 Rxa7 43. Bxa7 f4 44. Bf2 f3 45. a4 Bc4 46. b4 Kf4 47.
b5 Ke4 48. b6 Ba6 49. a5 Kd5 50. Nxf3 e4 51. Nh4 Kc4 52. Nf5 Kb5 53. Nd6+ Kc6
54. Nxe4 Bb7 55. Nc5 Bc8 56. b7 Bxb7 57. Nxb7 Kxb7 1-0

[Event "27. Torneo San Viator 2016"]
[Site "Madrid ESP"]
[Date "2016.11.06"]
[Round "7.1"]
[White "Quispe Arteaga, Gabriel"]
[Black "Perez Calahorra, Ricardo"]
[Result "1-0"]
[WhiteElo "2270"]
[BlackElo "2136"]
[PlyCount "93"]
[EventDate "2016.09.25"]
[EventType "swiss"]
[EventRounds "9"]
[EventCountry "ESP"]
[Source "lmi"]
[SourceDate "2016.09.25"]

1. d4 d5 2. c4 c6 3. e3 Nf6 4. Nf3 a6 5. Nbd2 Bf5 6. Qb3 Qc7 7. Bd3 Bxd3 8.
Qxd3 Nbd7 9. O-O e6 10. e4 dxe4 11. Nxe4 Nxe4 12. Qxe4 Nf6 13. Qe2 Rd8 14. Rd1
Be7 15. Bg5 O-O 16. Rac1 Rfe8 17. Qe5 Qb6 18. Qe2 Qa5 19. b3 h6 20. Bh4 Qh5 21.
h3 g5 22. Bg3 Qg6 23. Bc7 Rc8 24. Bh2 Bd8 25. Qd3 Qg7 26. Be5 Qf8 27. Nd2 Qe7
28. Qf3 Rf8 29. c5 Ne8 30. Ne4 Qd7 31. Qh5 f6 32. Bd6 Rf7 33. Qxh6 Rg7 34. Ng3
Nxd6 35. cxd6 Qxd6 36. Nh5 Rf7 37. Qg6+ Kf8 38. Qh6+ Kg8 39. Qg6+ Kf8 40. Qh6+
Ke7 41. d5 exd5 42. Qg6 Ke8 43. Re1+ Be7 44. Ng7+ Kf8 45. Ne6+ Ke8 46. Qg8+ Rf8
47. Nxf8 1-0

[Event "27. Torneo San Viator 2016"]
[Site "Madrid ESP"]
[Date "2016.11.06"]
[Round "7.2"]
[White "Unciti Juan, Javier"]
[Black "Nunez Miranda, Adrian"]
[Result "1-0"]
[WhiteElo "2110"]
[BlackElo "2143"]
[PlyCount "117"]
[EventDate "2016.09.25"]
[EventType "swiss"]
[EventRounds "9"]
[EventCountry "ESP"]
[Source "lmi"]
[SourceDate "2016.09.25"]

1. e4 c5 2. Nf3 Nf6 3. e5 Nd5 4. d4 cxd4 5. Qxd4 e6 6. g3 Nc6 7. Qe4 Qa5+ 8. c3
b5 9. Bg2 b4 10. O-O Ba6 11. c4 f5 12. Qh4 Nb6 13. Nbd2 Qc5 14. b3 Nxe5 15.
Nxe5 Qxe5 16. Rb1 Be7 17. Qh5+ g6 18. Qd1 O-O 19. Bxa8 Nxa8 20. Bb2 Qc5 21. Nf3
Bb7 22. Qd4 Qxd4 23. Nxd4 f4 24. Rbd1 Nb6 25. Nb5 Rf5 26. Bd4 Bf3 27. Rd2 e5
28. Re1 Bf6 29. Bxb6 axb6 30. Rxd7 Bg7 31. Nd6 Rf8 32. Ne4 Ra8 33. Ng5 Bg4 34.
Rd2 h6 35. Ne4 Bf3 36. Rd3 Bg4 37. f3 Bh3 38. Re2 h5 39. Red2 Bf8 40. Rd8 Ra7
41. Rb8 Kg7 42. Rxb6 Bf5 43. Kg2 Bxe4 44. fxe4 Bc5 45. Rb5 Be3 46. Rc2 Kf6 47.
gxf4 exf4 48. h4 g5 49. hxg5+ Kg6 50. Rf5 Rd7 51. Rd5 Rf7 52. Kf3 h4 53. c5 h3
54. c6 Rh7 55. Rd7 Rh8 56. c7 h2 57. Rxh2 Rc8 58. Kg4 Rh8 59. Rxh8 1-0

[Event "27. Torneo San Viator 2016"]
[Site "Madrid ESP"]
[Date "2016.11.06"]
[Round "7.3"]
[White "Aguilera Lopez, Alejandro"]
[Black "Zhou, Lulu"]
[Result "1-0"]
[WhiteElo "2113"]
[BlackElo "1746"]
[PlyCount "77"]
[EventDate "2016.09.25"]
[EventType "swiss"]
[EventRounds "9"]
[EventCountry "ESP"]
[Source "lmi"]
[SourceDate "2016.09.25"]

1. d4 d5 2. Nf3 Nf6 3. e3 e6 4. Bd3 Be7 5. O-O O-O 6. Nbd2 b6 7. b3 Bb7 8. Bb2
c5 9. Ne5 Nc6 10. f4 Nb4 11. Be2 Ne4 12. a3 Nxd2 13. Qxd2 Nc6 14. Bd3 a6 15.
Qe2 b5 16. Rf3 f5 17. dxc5 Nxe5 18. Bxe5 Bf6 19. Bd4 Bc6 20. b4 Qc7 21. a4 e5
22. fxe5 Bxe5 23. Bxf5 Bxh2+ 24. Kh1 Be5 25. Be6+ Kh8 26. Raf1 Rxf3 27. Qxf3
Qe7 28. Qg4 Bf6 29. Bxf6 gxf6 30. Rf3 Re8 31. Rg3 Qf8 32. a5 d4 33. exd4 f5 34.
Bxf5 Re1+ 35. Kh2 Qh6+ 36. Qh3 Bxg2 37. Qxh6 Rh1+ 38. Kxg2 Rg1+ 39. Kh3 1-0

[Event "27. Torneo San Viator 2016"]
[Site "Madrid ESP"]
[Date "2016.11.06"]
[Round "7.4"]
[White "Rodriguez Bittar, Karim Javier"]
[Black "Cabanas Bravo, Juan Andres"]
[Result "1/2-1/2"]
[WhiteElo "1936"]
[BlackElo "2007"]
[PlyCount "43"]
[EventDate "2016.09.25"]
[EventType "swiss"]
[EventRounds "9"]
[EventCountry "ESP"]
[Source "lmi"]
[SourceDate "2016.09.25"]

1. d4 Nf6 2. Nf3 d5 3. e3 g6 4. Bd3 Bg7 5. O-O O-O 6. Nbd2 Nbd7 7. b3 e5 8.
dxe5 Ng4 9. Rb1 Ndxe5 10. Nxe5 Nxe5 11. Be2 Bf5 12. Nf3 c6 13. Nxe5 Bxe5 14.
Bd3 Be6 15. Bb2 Bc7 16. g3 Qg5 17. Re1 Bg4 18. Be2 h5 19. Qd4 f6 20. h4 Qf5 21.
Qd3 Qxd3 22. Bxd3 1/2-1/2

[Event "27. Torneo San Viator 2016"]
[Site "Madrid ESP"]
[Date "2016.11.06"]
[Round "7.7"]
[White "Munoz Cebey, Ricardo"]
[Black "Rosa Ramirez, Victor D"]
[Result "0-1"]
[WhiteElo "1758"]
[BlackElo "1903"]
[PlyCount "72"]
[EventDate "2016.09.25"]
[EventType "swiss"]
[EventRounds "9"]
[EventCountry "ESP"]
[Source "lmi"]
[SourceDate "2016.09.25"]

1. c4 e5 2. g3 Nf6 3. Bg2 d5 4. cxd5 Nxd5 5. Nc3 Nb6 6. Nf3 Nc6 7. O-O Be7 8.
d3 O-O 9. a3 Be6 10. b4 a5 11. b5 Nd4 12. Rb1 f6 13. Nd2 Bd5 14. Nxd5 Nxd5 15.
Bb2 a4 16. Bxd4 exd4 17. Bxd5+ Qxd5 18. Qc1 Rfd8 19. Nc4 Qh5 20. Kg2 Bc5 21.
Qc2 Re8 22. Rb2 b6 23. Re1 Re7 24. Qd1 Qd5+ 25. Kg1 g6 26. Qc2 Kg7 27. Qd1 h5
28. h4 Rae8 29. Qxa4 g5 30. hxg5 Qxg5 31. Qd1 h4 32. Qd2 Re3 33. fxe3 Qxg3+ 34.
Kh1 Qh3+ 35. Kg1 dxe3 36. Qc3 Kh7 0-1

[Event "27. Torneo San Viator 2016"]
[Site "Madrid ESP"]
[Date "2016.11.06"]
[Round "7.8"]
[White "Sotoca Aguado, Jose"]
[Black "Llases Gonzalez, Luis"]
[Result "1-0"]
[WhiteElo "1900"]
[BlackElo "1734"]
[PlyCount "99"]
[EventDate "2016.09.25"]
[EventType "swiss"]
[EventRounds "9"]
[EventCountry "ESP"]
[Source "lmi"]
[SourceDate "2016.09.25"]

1. e4 e5 2. Nf3 Nc6 3. Bb5 a6 4. Ba4 Nf6 5. O-O Be7 6. Re1 b5 7. Bb3 d6 8. c3
O-O 9. h3 Na5 10. Bc2 c5 11. d4 cxd4 12. cxd4 Qc7 13. Bd3 Bd7 14. Nc3 Rac8 15.
Bg5 Nc4 16. Bxc4 bxc4 17. Bxf6 Bxf6 18. Nd5 Qd8 19. Qd2 Be6 20. dxe5 dxe5 21.
Rad1 Bxd5 22. Qxd5 Qxd5 23. Rxd5 Rfd8 24. Red1 Rxd5 25. Rxd5 Rb8 26. Rd2 Kf8
27. Rc2 Rc8 28. Nd2 Be7 29. Nxc4 f6 30. b3 h5 31. Kf1 g5 32. Ke2 g4 33. hxg4
hxg4 34. Ne3 Rxc2+ 35. Nxc2 Bc5 36. Ne3 g3 37. fxg3 Bxe3 38. Kxe3 Ke7 39. Kd3
Kd6 40. Kc4 Kc6 41. g4 Kd6 42. b4 Ke6 43. a4 Kd6 44. a5 Kc6 45. g3 Kd6 46. b5
axb5+ 47. Kxb5 Kc7 48. Kc5 Kd7 49. a6 Kc7 50. Kd5 1-0